000
00344nam a2200145Ia 4500
003
OSt
008
191201s2011 xx 000 0 und d
100
_a
NOOR, Mariyam
245
0
_a
Low Cost Waste-Water Treatment Technology
250
_a
1st
260
_a
N. Delhi
_b
Cyber tech
_c
2011
300
_a
262
650
_a
B.Tech(CE)
942
_2
ddc
_c
BK
999
_c
5898
_d
5898